00583 a2200193 4500001000700000003000400007005001700011008004100028082001400069100001500083245005400098260002900152300001000181653004700191700001600238942001200254999001500266952010800281068327OSt20220216100840.0  a511bL94D1 aLovasz, L.1 aDiscrete mathematicscby L. Lovasz and J. Pelikan aNew YorkbSpringerc2008 a290p. aMathematics; Computer science--Mathematics aPelikan, J. 2ddccBK c2012d2012 00102ddc40708TXBaCURAJbCURAJd2012-03-07eMTHg325.00o511 L94Dp2614r2024-11-21w2020-09-02yBK